[Event "DEM U10 2024"]
[Site "Willingen GER"]
[Date "2024.05.19"]
[Round "2"]
[White "Nikolic, Luka"]
[Black "Müller, Konstantin"]
[Result "0-1"]
[Termination "normal"]
[Board "13"]
[WhiteElo "1145"]
[BlackElo "1851"]
[WhiteClock "00:56:36"]
[BlackClock "01:03:41"]
[PlyCount "98"]
[WhiteFideId "34655123"]
[BlackFideId "34661778"]
[EventCountry "GER"]
[EventRounds "11"]
[EventType "swiss"]
[EventDate "2024.05.18"]

1. d4 {[%clk 01:15:58]} {[%emt 00:00:02]} Nf6 {[%clk 01:15:54]} {[%emt
00:00:06]} 2. c4 {[%clk 01:16:24]} {[%emt 00:00:04]} g6 {[%clk 01:16:14]}
{[%emt 00:00:11]} 3. Nc3 {[%clk 01:16:46]} {[%emt 00:00:08]} d5 {[%clk
01:16:40]} {[%emt 00:00:04]} 4. cxd5 {[%clk 01:17:08]} {[%emt 00:00:07]} Nxd5
{[%clk 01:17:06]} {[%emt 00:00:05]} 5. Bd2 {[%clk 01:17:31]} {[%emt 00:00:07]}
Bg7 {[%clk 01:17:11]} {[%emt 00:00:25]} 6. e4 {[%clk 01:17:48]} {[%emt
00:00:12]} Nxc3 {[%clk 01:13:53]} {[%emt 00:03:48]} 7. Bxc3 {[%clk 01:18:07]}
{[%emt 00:00:11]} c5 {[%clk 01:12:47]} {[%emt 00:01:37]} 8. dxc5 {[%clk
01:17:55]} {[%emt 00:00:42]} Bxc3+ {[%clk 01:13:11]} {[%emt 00:00:06]} 9. bxc3
{[%clk 01:18:18]} {[%emt 00:00:06]} Qa5 {[%clk 01:12:46]} {[%emt 00:00:55]} 10.
Qd4 {[%clk 01:18:25]} {[%emt 00:00:23]} O-O {[%clk 01:13:08]} {[%emt 00:00:09]}
11. Qb4 {[%clk 01:17:15]} {[%emt 00:01:40]} Qc7 {[%clk 01:13:23]} {[%emt
00:00:15]} 12. Bb5 {[%clk 01:16:44]} {[%emt 00:01:00]} a6 {[%clk 01:13:16]}
{[%emt 00:00:37]} 13. Ba4 {[%clk 01:14:57]} {[%emt 00:02:17]} a5 {[%clk
01:11:39]} {[%emt 00:02:08]} 14. Qc4 {[%clk 01:12:00]} {[%emt 00:03:27]} Be6
{[%clk 01:11:09]} {[%emt 00:00:58]} 15. Qd4 {[%clk 01:09:05]} {[%emt 00:03:26]}
Rd8 {[%clk 01:10:50]} {[%emt 00:00:50]} 16. Qe3 {[%clk 01:09:13]} {[%emt
00:00:21]} Na6 {[%clk 01:10:11]} {[%emt 00:01:10]} 17. c6 {[%clk 01:08:00]}
{[%emt 00:01:41]} bxc6 {[%clk 01:08:38]} {[%emt 00:02:04]} 18. Nf3 {[%clk
01:06:25]} {[%emt 00:02:05]} Bc4 {[%clk 01:06:14]} {[%emt 00:02:54]} 19. Nd4
{[%clk 01:05:31]} {[%emt 00:01:25]} Nc5 {[%clk 00:59:28]} {[%emt 00:07:15]} 20.
Bc2 {[%clk 01:00:05]} {[%emt 00:05:57]} e5 {[%clk 00:55:52]} {[%emt 00:04:05]}
21. Ne2 {[%clk 00:59:02]} {[%emt 00:01:33]} Nd3+ {[%clk 00:54:57]} {[%emt
00:01:26]} 22. Bxd3 {[%clk 00:58:37]} {[%emt 00:00:54]} Rxd3 {[%clk 00:55:16]}
{[%emt 00:00:11]} 23. Qc5 {[%clk 00:57:07]} {[%emt 00:02:00]} Ba6 {[%clk
00:55:15]} {[%emt 00:00:32]} 24. O-O {[%clk 00:57:09]} {[%emt 00:00:27]} Rd2
{[%clk 00:55:16]} {[%emt 00:00:29]} 25. Ng3 {[%clk 00:55:43]} {[%emt 00:01:56]}
Bxf1 {[%clk 00:55:38]} {[%emt 00:00:08]} 26. Nxf1 {[%clk 00:56:03]} {[%emt
00:00:10]} Rb2 {[%clk 00:55:13]} {[%emt 00:00:55]} 27. a4 {[%clk 00:52:49]}
{[%emt 00:03:44]} Qa7 {[%clk 00:55:10]} {[%emt 00:00:33]} 28. Qxa7 {[%clk
00:50:04]} {[%emt 00:03:15]} Rxa7 {[%clk 00:55:34]} {[%emt 00:00:06]} 29. Ne3
{[%clk 00:50:25]} {[%emt 00:00:09]} Rab7 {[%clk 00:55:50]} {[%emt 00:00:15]}
30. h3 {[%clk 00:50:17]} {[%emt 00:00:37]} Rb1+ {[%clk 00:56:10]} {[%emt
00:00:10]} 31. Rxb1 {[%clk 00:50:31]} {[%emt 00:00:16]} Rxb1+ {[%clk 00:56:36]}
{[%emt 00:00:04]} 32. Kh2 {[%clk 00:50:52]} {[%emt 00:00:09]} Ra1 {[%clk
00:57:01]} {[%emt 00:00:05]} 33. Nc4 {[%clk 00:51:16]} {[%emt 00:00:07]} Rxa4
{[%clk 00:57:26]} {[%emt 00:00:04]} 34. Nxe5 {[%clk 00:51:24]} {[%emt
00:00:22]} Rxe4 {[%clk 00:57:50]} {[%emt 00:00:06]} 35. Nxc6 {[%clk 00:51:43]}
{[%emt 00:00:12]} a4 {[%clk 00:58:16]} {[%emt 00:00:04]} 36. Nd4 {[%clk
00:52:02]} {[%emt 00:00:11]} Rxd4 {[%clk 00:58:29]} {[%emt 00:00:17]} 37. cxd4
{[%clk 00:52:19]} {[%emt 00:00:12]} a3 {[%emt 00:00:04]} 38. d5 {[%clk
00:52:40]} {[%emt 00:00:09]} a2 {[%clk 00:59:21]} {[%emt 00:00:04]} 39. d6
{[%clk 00:53:05]} {[%emt 00:00:06]} a1=Q {[%clk 00:59:44]} {[%emt 00:00:07]}
40. d7 {[%clk 00:53:27]} {[%emt 00:00:07]} Qd4 {[%clk 01:00:09]} {[%emt
00:00:05]} 41. g3 {[%clk 00:53:47]} {[%emt 00:00:11]} Qxf2+ {[%clk 01:00:30]}
{[%emt 00:00:09]} 42. Kh1 {[%clk 00:54:08]} {[%emt 00:00:08]} Qe1+ {[%clk
01:00:53]} {[%emt 00:00:08]} 43. Kh2 {[%clk 00:54:22]} {[%emt 00:00:14]} Qd2+
{[%clk 01:01:19]} {[%emt 00:00:05]} 44. Kh1 {[%clk 00:54:42]} {[%emt 00:00:10]}
Qxd7 {[%clk 01:01:43]} {[%emt 00:00:06]} 45. Kh2 {[%clk 00:55:01]} {[%emt
00:00:11]} Qd2+ {[%clk 01:02:06]} {[%emt 00:00:07]} 46. Kh1 {[%clk 00:55:24]}
{[%emt 00:00:07]} f5 {[%clk 01:02:32]} {[%emt 00:00:05]} 47. g4 {[%clk
00:55:47]} {[%emt 00:00:06]} f4 {[%clk 01:02:52]} {[%emt 00:00:10]} 48. h4
{[%clk 00:56:07]} {[%emt 00:00:10]} f3 {[%clk 01:03:17]} {[%emt 00:00:06]} 49.
h5 {[%clk 00:56:36]} Qg2# {[%clk 01:03:41]} {[%emt 00:00:07]} 0-1

[Event "DEM U10 2024"]
[Site "Willingen GER"]
[Date "2024.05.19"]
[Round "2"]
[White "Steinbrenner, Peter"]
[Black "Löffelholz, Jonas"]
[Result "1-0"]
[Termination "normal"]
[Board "14"]
[WhiteElo "1941"]
[BlackElo "1126"]
[WhiteClock "01:08:44"]
[BlackClock "00:44:29"]
[PlyCount "45"]
[WhiteFideId "34645535"]
[BlackFideId "34616101"]
[EventCountry "GER"]
[EventRounds "11"]
[EventType "swiss"]
[EventDate "2024.05.18"]

1. e4 {[%clk 01:15:58]} {[%emt 00:00:01]} c5 {[%clk 01:15:55]} {[%emt
00:00:05]} 2. Nf3 {[%clk 01:16:25]} {[%emt 00:00:03]} d6 {[%clk 01:16:19]}
{[%emt 00:00:06]} 3. d4 {[%clk 01:16:49]} {[%emt 00:00:05]} cxd4 {[%clk
01:16:44]} {[%emt 00:00:06]} 4. Nxd4 {[%clk 01:17:15]} {[%emt 00:00:04]} Nf6
{[%clk 01:17:08]} {[%emt 00:00:07]} 5. Nc3 {[%clk 01:17:40]} {[%emt 00:00:05]}
a6 {[%clk 01:17:33]} {[%emt 00:00:05]} 6. Bg5 {[%clk 01:18:04]} {[%emt
00:00:06]} e6 {[%clk 01:17:54]} {[%emt 00:00:09]} 7. f4 {[%clk 01:18:19]}
{[%emt 00:00:14]} Be7 {[%clk 01:18:03]} {[%emt 00:00:21]} 8. Qf3 {[%clk
01:18:41]} {[%emt 00:00:07]} Nc6 {[%clk 01:17:26]} {[%emt 00:01:08]} 9. O-O-O
{[%clk 01:16:08]} {[%emt 00:03:03]} Qc7 {[%clk 01:15:21]} {[%emt 00:02:35]} 10.
g4 {[%clk 01:10:01]} {[%emt 00:06:37]} a5 {[%clk 01:15:15]} {[%emt 00:00:37]}
11. Ndb5 {[%clk 01:09:37]} {[%emt 00:00:54]} Qd8 {[%clk 01:08:44]} {[%emt
00:06:52]} 12. e5 {[%clk 01:09:29]} {[%emt 00:00:46]} Nd5 {[%clk 01:00:37]}
{[%emt 00:08:23]} 13. Bxe7 {[%clk 01:09:24]} {[%emt 00:00:50]} Ncxe7 {[%clk
00:59:49]} {[%emt 00:01:17]} 14. Nxd6+ {[%clk 01:09:12]} {[%emt 00:00:42]} Kf8
{[%clk 00:59:18]} {[%emt 00:01:01]} 15. Bc4 {[%clk 01:07:45]} {[%emt 00:01:58]}
a4 {[%clk 00:53:07]} {[%emt 00:06:42]} 16. Bxd5 {[%clk 01:07:25]} {[%emt
00:00:49]} Nxd5 {[%clk 00:50:37]} {[%emt 00:03:00]} 17. Nxd5 {[%clk 01:07:53]}
{[%emt 00:00:02]} exd5 {[%clk 00:51:05]} {[%emt 00:00:01]} 18. f5 {[%clk
01:07:42]} {[%emt 00:00:41]} a3 {[%clk 00:50:58]} {[%emt 00:00:38]} 19. b3
{[%clk 01:08:02]} {[%emt 00:00:09]} Qg5+ {[%clk 00:50:39]} {[%emt 00:00:48]}
20. Kb1 {[%clk 01:08:26]} {[%emt 00:00:07]} f6 {[%clk 00:48:13]} {[%emt
00:02:56]} 21. Qxd5 {[%clk 01:08:35]} {[%emt 00:00:21]} Ke7 {[%clk 00:44:09]}
{[%emt 00:04:34]} 22. Qf7+ {[%clk 01:08:31]} {[%emt 00:00:34]} Kd8 {[%clk
00:44:29]} {[%emt 00:00:10]} 23. Nxb7# {[%clk 01:08:44]} {[%emt 00:00:17]} 1-0

[Event "DEM U10 2024"]
[Site "Willingen GER"]
[Date "2024.05.19"]
[Round "2"]
[White "Rössling, Johannes"]
[Black "Alloussi, Arian"]
[Result "0-1"]
[Termination "normal"]
[Board "15"]
[WhiteElo "1579"]
[BlackElo "1697"]
[WhiteClock "00:58:19"]
[BlackClock "00:28:51"]
[PlyCount "92"]
[WhiteFideId "34642773"]
[BlackFideId "34637788"]
[EventCountry "GER"]
[EventRounds "11"]
[EventType "swiss"]
[EventDate "2024.05.18"]

1. e4 {[%clk 01:15:59]} e5 {[%clk 01:15:54]} {[%emt 00:00:06]} 2. Nf3 {[%clk
01:16:24]} {[%emt 00:00:04]} Nc6 {[%clk 01:16:19]} {[%emt 00:00:06]} 3. Bc4
{[%clk 01:16:50]} {[%emt 00:00:05]} Bc5 {[%clk 01:16:39]} {[%emt 00:00:09]} 4.
c3 {[%clk 01:17:15]} {[%emt 00:00:05]} Nf6 {[%clk 01:17:03]} {[%emt 00:00:06]}
5. d4 {[%clk 01:17:40]} {[%emt 00:00:05]} exd4 {[%clk 01:17:26]} {[%emt
00:00:07]} 6. e5 {[%clk 01:18:01]} {[%emt 00:00:09]} d5 {[%clk 01:17:50]}
{[%emt 00:00:06]} 7. Bb5 {[%clk 01:18:15]} {[%emt 00:00:16]} Ne4 {[%clk
01:17:59]} {[%emt 00:00:20]} 8. cxd4 {[%clk 01:18:35]} {[%emt 00:00:10]} Bb6
{[%clk 01:17:58]} {[%emt 00:00:32]} 9. O-O {[%clk 01:18:09]} {[%emt 00:00:54]}
O-O {[%clk 01:17:47]} {[%emt 00:00:43]} 10. Nbd2 {[%clk 01:17:37]} {[%emt
00:01:02]} Bg4 {[%clk 01:17:05]} {[%emt 00:01:13]} 11. Bxc6 {[%clk 01:16:27]}
{[%emt 00:01:40]} bxc6 {[%clk 01:17:16]} {[%emt 00:00:18]} 12. Nb3 {[%clk
01:16:27]} {[%emt 00:00:28]} a5 {[%clk 01:11:06]} {[%emt 00:06:43]} 13. a4
{[%clk 01:16:11]} {[%emt 00:00:46]} f5 {[%clk 01:07:31]} {[%emt 00:04:04]} 14.
h3 {[%clk 01:14:22]} {[%emt 00:02:19]} Bh5 {[%clk 01:07:27]} {[%emt 00:00:34]}
15. Qd3 {[%clk 01:12:50]} {[%emt 00:02:02]} h6 {[%clk 01:04:19]} {[%emt
00:03:39]} 16. Nfd2 {[%clk 01:10:16]} {[%emt 00:03:03]} Qe7 {[%clk 01:00:33]}
{[%emt 00:04:16]} 17. Nxe4 {[%clk 01:09:23]} {[%emt 00:01:22]} fxe4 {[%clk
00:59:19]} {[%emt 00:01:44]} 18. Qg3 {[%clk 01:07:05]} {[%emt 00:02:45]} Kh8
{[%clk 00:58:21]} {[%emt 00:01:32]} 19. Bd2 {[%clk 01:05:56]} {[%emt 00:01:37]}
Qe6 {[%clk 00:39:25]} {[%emt 00:19:23]} 20. Rac1 {[%clk 01:06:12]} {[%emt
00:00:16]} Be2 {[%clk 00:36:28]} {[%emt 00:03:29]} 21. Rfe1 {[%clk 01:04:20]}
{[%emt 00:02:21]} Bc4 {[%clk 00:33:03]} {[%emt 00:03:54]} 22. Rc3 {[%clk
01:00:15]} {[%emt 00:04:38]} Bxb3 {[%clk 00:32:51]} {[%emt 00:00:42]} 23. Rxb3
{[%clk 00:59:58]} {[%emt 00:00:46]} Bxd4 {[%clk 00:32:51]} {[%emt 00:00:31]}
24. Bc3 {[%clk 01:00:13]} {[%emt 00:00:14]} Bxf2+ {[%clk 00:32:41]} {[%emt
00:00:41]} 25. Qxf2 {[%clk 01:00:33]} {[%emt 00:00:10]} Rxf2 {[%clk 00:33:03]}
{[%emt 00:00:08]} 26. Kxf2 {[%clk 01:00:59]} {[%emt 00:00:04]} d4 {[%clk
00:33:06]} {[%emt 00:00:27]} 27. Ra3 {[%clk 01:00:47]} {[%emt 00:00:42]} dxc3
{[%clk 00:33:10]} {[%emt 00:00:27]} 28. Rxc3 {[%clk 01:01:10]} {[%emt
00:00:06]} Qxe5 {[%clk 00:33:02]} {[%emt 00:00:39]} 29. Rxc6 {[%clk 01:00:33]}
{[%emt 00:01:06]} Rf8+ {[%clk 00:32:48]} {[%emt 00:00:44]} 30. Kg1 {[%clk
01:00:46]} {[%emt 00:00:16]} Qxb2 {[%clk 00:32:58]} {[%emt 00:00:21]} 31. Kh1
{[%clk 01:00:39]} {[%emt 00:00:30]} Qb4 {[%clk 00:32:03]} {[%emt 00:01:32]} 32.
Rec1 {[%clk 01:00:50]} {[%emt 00:00:18]} Qxa4 {[%clk 00:31:25]} {[%emt
00:01:10]} 33. Rxc7 {[%clk 01:01:08]} {[%emt 00:00:11]} Re8 {[%clk 00:28:59]}
{[%emt 00:02:56]} 34. R7c4 {[%clk 01:01:23]} {[%emt 00:00:14]} Qd7 {[%clk
00:28:18]} {[%emt 00:01:12]} 35. Rc7 {[%clk 01:01:35]} {[%emt 00:00:18]} Qd2
{[%clk 00:27:21]} {[%emt 00:01:27]} 36. R7c2 {[%clk 00:57:37]} {[%emt
00:04:28]} e3 {[%clk 00:27:10]} {[%emt 00:00:41]} 37. Kh2 {[%clk 00:57:05]}
{[%emt 00:00:52]} Qxc2 {[%clk 00:26:26]} {[%emt 00:01:24]} 38. Rxc2 {[%clk
00:57:20]} {[%emt 00:00:15]} e2 {[%clk 00:26:51]} {[%emt 00:00:06]} 39. Rxe2
{[%clk 00:57:13]} {[%emt 00:00:36]} Rxe2 {[%clk 00:27:08]} {[%emt 00:00:13]}
40. Kg3 {[%clk 00:57:36]} {[%emt 00:00:06]} a4 {[%clk 00:27:26]} {[%emt
00:00:14]} 41. Kf3 {[%clk 00:57:47]} {[%emt 00:00:17]} Re8 {[%clk 00:27:48]}
{[%emt 00:00:08]} 42. g4 {[%clk 00:57:12]} {[%emt 00:01:05]} a3 {[%clk
00:28:11]} {[%emt 00:00:08]} 43. Kg3 {[%clk 00:57:32]} {[%emt 00:00:10]} a2
{[%clk 00:28:34]} {[%emt 00:00:08]} 44. Kh4 {[%clk 00:57:53]} {[%emt 00:00:07]}
a1=Q {[%clk 00:28:23]} {[%emt 00:00:42]} 45. g5 {[%clk 00:58:11]} {[%emt
00:00:11]} Qg1 {[%clk 00:28:28]} {[%emt 00:00:25]} 46. g6 {[%clk 00:58:19]}
{[%emt 00:00:22]} Qg5# {[%clk 00:28:51]} {[%emt 00:00:07]} 0-1

[Event "DEM U10 2024"]
[Site "Willingen GER"]
[Date "2024.05.19"]
[Round "2"]
[White "Braren, Ove Neelis"]
[Black "Spielmann, Jan"]
[Result "1/2-1/2"]
[Termination "normal"]
[Board "16"]
[WhiteElo "1672"]
[BlackElo "1725"]
[WhiteClock "00:11:38"]
[BlackClock "00:19:32"]
[PlyCount "105"]
[WhiteFideId "34663770"]
[BlackFideId "34680039"]
[EventCountry "GER"]
[EventRounds "11"]
[EventType "swiss"]
[EventDate "2024.05.18"]

1. e4 {[%clk 01:15:53]} {[%emt 00:00:06]} e5 {[%clk 01:15:54]} {[%emt
00:00:07]} 2. Nf3 {[%clk 01:16:13]} {[%emt 00:00:09]} Nc6 {[%clk 01:16:23]}
{[%emt 00:00:03]} 3. Nc3 {[%clk 01:15:56]} {[%emt 00:00:47]} Nf6 {[%clk
01:15:35]} {[%emt 00:01:18]} 4. d4 {[%clk 01:16:14]} {[%emt 00:00:12]} exd4
{[%clk 01:15:29]} {[%emt 00:00:35]} 5. Nxd4 {[%clk 01:16:33]} {[%emt 00:00:11]}
Bb4 {[%clk 01:14:04]} {[%emt 00:01:55]} 6. Nxc6 {[%clk 01:16:54]} {[%emt
00:00:10]} bxc6 {[%clk 01:14:21]} {[%emt 00:00:13]} 7. Bd3 {[%clk 01:17:10]}
{[%emt 00:00:13]} d5 {[%clk 01:11:08]} {[%emt 00:03:43]} 8. exd5 {[%clk
01:17:24]} {[%emt 00:00:16]} cxd5 {[%clk 01:11:31]} {[%emt 00:00:08]} 9. O-O
{[%clk 01:17:25]} {[%emt 00:00:28]} Be6 {[%clk 01:08:14]} {[%emt 00:03:47]} 10.
Qf3 {[%clk 01:14:20]} {[%emt 00:03:35]} O-O {[%clk 00:45:30]} {[%emt 00:23:15]}
11. Bf4 {[%clk 01:11:56]} {[%emt 00:02:53]} Bg4 {[%clk 00:42:50]} {[%emt
00:03:11]} 12. Qg3 {[%clk 01:11:13]} {[%emt 00:01:11]} c5 {[%clk 00:41:42]}
{[%emt 00:01:40]} 13. Bg5 {[%clk 01:06:43]} {[%emt 00:04:59]} Be6 {[%clk
00:38:28]} {[%emt 00:03:44]} 14. Qh4 {[%clk 01:05:08]} {[%emt 00:02:04]} h6
{[%clk 00:35:19]} {[%emt 00:03:39]} 15. Bxf6 {[%clk 01:03:48]} {[%emt
00:01:51]} Qxf6 {[%clk 00:35:40]} {[%emt 00:00:10]} 16. Qxf6 {[%clk 01:03:20]}
{[%emt 00:00:57]} gxf6 {[%clk 00:36:01]} {[%emt 00:00:09]} 17. Rfd1 {[%clk
00:57:11]} {[%emt 00:06:38]} Kh8 {[%clk 00:21:08]} {[%emt 00:15:25]} 18. Nb5
{[%clk 00:41:12]} {[%emt 00:16:29]} Rg8 {[%clk 00:19:13]} {[%emt 00:02:25]} 19.
a3 {[%clk 00:34:32]} {[%emt 00:07:09]} Ba5 {[%clk 00:18:24]} {[%emt 00:01:20]}
20. b4 {[%clk 00:31:45]} {[%emt 00:03:17]} a6 {[%clk 00:15:38]} {[%emt
00:03:16]} 21. bxa5 {[%clk 00:29:11]} {[%emt 00:03:03]} axb5 {[%clk 00:16:01]}
{[%emt 00:00:07]} 22. Bxb5 {[%clk 00:29:26]} {[%emt 00:00:14]} Rxa5 {[%clk
00:16:23]} {[%emt 00:00:09]} 23. a4 {[%clk 00:29:33]} {[%emt 00:00:24]} Bg4
{[%clk 00:13:45]} {[%emt 00:03:07]} 24. Rd2 {[%clk 00:26:06]} {[%emt 00:03:57]}
Bf3 {[%clk 00:13:27]} {[%emt 00:00:47]} 25. g3 {[%clk 00:25:40]} {[%emt
00:00:58]} Rb8 {[%clk 00:12:32]} {[%emt 00:01:24]} 26. Re1 {[%clk 00:24:24]}
{[%emt 00:01:45]} Kg7 {[%clk 00:09:29]} {[%emt 00:03:35]} 27. Re3 {[%clk
00:22:11]} {[%emt 00:02:44]} Rbxb5 {[%clk 00:08:44]} {[%emt 00:01:14]} 28. Rxf3
{[%clk 00:21:11]} {[%emt 00:01:28]} Rxa4 {[%clk 00:09:08]} {[%emt 00:00:08]}
29. Rxd5 {[%clk 00:21:11]} {[%emt 00:00:30]} Rc4 {[%clk 00:09:05]} {[%emt
00:00:33]} 30. c3 {[%clk 00:20:24]} {[%emt 00:01:16]} Rb3 {[%clk 00:08:04]}
{[%emt 00:01:33]} 31. Rdd3 {[%clk 00:20:07]} {[%emt 00:00:45]} Re4 {[%clk
00:07:58]} {[%emt 00:00:36]} 32. Kg2 {[%clk 00:18:11]} {[%emt 00:02:26]} c4
{[%clk 00:07:09]} {[%emt 00:01:20]} 33. Rde3 {[%clk 00:12:56]} {[%emt
00:05:44]} Rxe3 {[%clk 00:06:24]} {[%emt 00:01:16]} 34. Rxe3 {[%clk 00:13:23]}
{[%emt 00:00:02]} Kg6 {[%clk 00:06:33]} {[%emt 00:00:21]} 35. Kf3 {[%clk
00:11:33]} {[%emt 00:02:21]} f5 {[%clk 00:06:04]} {[%emt 00:00:59]} 36. h4
{[%clk 00:09:14]} {[%emt 00:02:49]} h5 {[%clk 00:05:32]} {[%emt 00:01:01]} 37.
Kg2 {[%clk 00:06:25]} {[%emt 00:03:20]} Rb6 {[%clk 00:05:04]} {[%emt 00:00:57]}
38. f4 {[%clk 00:05:30]} {[%emt 00:01:25]} Kf6 {[%clk 00:03:10]} {[%emt
00:02:24]} 39. Kf2 {[%clk 00:03:42]} {[%emt 00:02:18]} Rb2+ {[%clk 00:03:20]}
{[%emt 00:00:21]} 40. Ke1 {[%clk 00:02:29]} {[%emt 00:01:43]} Rb1+ {[%clk
00:02:53]} {[%emt 00:00:57]} 41. Kf2 {[%clk 00:00:34]} {[%emt 00:02:25]} Rb2+
{[%clk 00:03:11]} {[%emt 00:00:12]} 42. Re2 {[%clk 00:15:18]} {[%emt 00:00:45]}
Rb3 {[%clk 00:18:29]} {[%emt 00:00:12]} 43. Rc2 {[%clk 00:15:14]} {[%emt
00:00:34]} Ke6 {[%clk 00:17:35]} {[%emt 00:01:24]} 44. Kf3 {[%clk 00:15:20]}
{[%emt 00:00:24]} Kd5 {[%clk 00:17:43]} {[%emt 00:00:22]} 45. Ke3 {[%clk
00:15:22]} {[%emt 00:00:28]} Ra3 {[%clk 00:17:05]} {[%emt 00:01:08]} 46. Rd2+
{[%clk 00:12:53]} {[%emt 00:02:59]} Kc5 {[%clk 00:17:26]} {[%emt 00:00:09]} 47.
Rc2 {[%clk 00:12:26]} {[%emt 00:00:56]} Kd5 {[%clk 00:17:48]} {[%emt 00:00:09]}
48. Rc1 {[%clk 00:11:38]} {[%emt 00:01:18]} Rb3 {[%clk 00:18:02]} {[%emt
00:00:16]} 49. Rc2 {[%clk 00:11:08]} {[%emt 00:01:00]} Ra3 {[%clk 00:18:25]}
{[%emt 00:00:07]} 50. Rd2+ {[%clk 00:11:15]} {[%emt 00:00:22]} Kc5 {[%clk
00:18:48]} {[%emt 00:00:08]} 51. Rc2 {[%clk 00:11:21]} {[%emt 00:00:24]} Kd5
{[%clk 00:19:10]} {[%emt 00:00:08]} 52. Rd2+ {[%clk 00:11:17]} {[%emt
00:00:34]} Kc5 {[%clk 00:19:32]} {[%emt 00:00:09]} 53. Rc2 {[%clk 00:11:38]}
{[%emt 00:00:08]} 1/2-1/2